[Event "Frankfurt Ch 2009"]
[Site "Ffm-Kalbach, LAZ"]
[Date "2009.06.29"]
[Round "7.26"]
[White "Barten, Stephan"]
[Black "Fischer, Manfred"]
[Result "1/2-1/2"]
[WhiteElo "1987"]
[BlackElo "1986"]
[PlyCount "50"]
[EventDate "2009.??.??"]
[WhiteTeam "Sfr. Frankfurt 1921"]
[BlackTeam "SC FK Babenhausen 1994"]

1. d4 Nf6 2. c4 e6 3. Nc3 Bb4 4. e3 O-O 5. Nge2 d5 6. a3 Be7 7. Ng3 c5 8. dxc5
dxc4 9. Qxd8 Rxd8 10. Bxc4 Bxc5 11. Nge4 Nxe4 12. Nxe4 Be7 13. Bd2 b6 14. Bc3
Bb7 15. Nd2 Na6 16. O-O Rac8 17. Bxa6 Bxa6 18. Rfd1 Rd3 19. Nf3 Rcd8 20. Rxd3
Bxd3 21. a4 Be4 22. Nd4 a6 23. f3 Bb7 24. Kf2 g6 25. Ne2 Bc5 1/2-1/2

[Event "Frankfurt Ch 2009"]
[Site "Ffm-Kalbach, LAZ"]
[Date "2009.06.29"]
[Round "7.27"]
[White "Kolker, Vladislav"]
[Black "Hillgaertner, Walter"]
[Result "1-0"]
[WhiteElo "2100"]
[BlackElo "1976"]
[PlyCount "91"]
[EventDate "2009.??.??"]
[WhiteTeam "Sfr.1891 Friedberg"]
[BlackTeam "SC Bad Nauheim"]

1. e4 g6 2. d4 Bg7 3. Nc3 d6 4. Be3 a6 5. Qd2 e6 6. O-O-O b6 7. h4 h5 8. Kb1
Bb7 9. f3 Nc6 10. g4 Qe7 11. g5 O-O-O 12. Bh3 Kb8 13. Nge2 Qe8 14. Rhf1 Nge7
15. d5 exd5 16. exd5 Ne5 17. Bd4 Rh7 18. f4 Ng4 19. Bxg7 Rxg7 20. Ng3 Rg8 21.
Bxg4 hxg4 22. h5 gxh5 23. Nxh5 Rh8 24. Nf6 Qf8 25. Nxg4 Rh4 26. Nh6 Ng6 27. Ne4
f5 28. Nf6 Rxh6 29. gxh6 Qxf6 30. Rh1 c6 31. c4 b5 32. cxb5 cxd5 33. bxa6 Bxa6
34. Qb4+ Bb7 35. Rxd5 Ka7 36. Ra5+ Kb8 37. Rh3 Qe7 38. Rg3 Nxf4 39. Rb5 Ne6 40.
Re3 Rd7 41. h7 Qxh7 42. Rxe6 Qh5 43. a4 Qf7 44. Rxd6 Rxd6 45. Qxd6+ Ka7 46.
Ra5+ 1-0

[Event "Frankfurt Ch 2009"]
[Site "Ffm-Kalbach, LAZ"]
[Date "2009.06.29"]
[Round "7.28"]
[White "Seickel, Ralf"]
[Black "Graebner, Walter"]
[Result "0-1"]
[WhiteElo "1722"]
[BlackElo "2053"]
[PlyCount "50"]
[EventDate "2009.??.??"]
[WhiteTeam "vereinslos"]
[BlackTeam "SC 1961 König Nied"]

1. e4 e6 2. d4 d5 3. Nc3 dxe4 4. Nxe4 Be7 5. Nf3 Nd7 6. c3 Ngf6 7. Nxf6+ Nxf6
8. Ne5 O-O 9. Be3 c5 10. dxc5 Qc7 11. Nd3 e5 12. b4 b6 13. Be2 Bf5 14. Qb3 Rfd8
15. cxb6 axb6 16. Nb2 Nd5 17. Bd2 e4 18. Bc4 Be6 19. Qc2 b5 20. Bb3 e3 21. fxe3
Bh4+ 22. Kf1 Qe5 23. Nd3 Nxe3+ 24. Bxe3 Qxe3 25. Rd1 Rxd3 0-1

[Event "Frankfurt Ch 2009"]
[Site "Ffm-Kalbach, LAZ"]
[Date "2009.06.29"]
[Round "7.29"]
[White "Klyszcz, Michael"]
[Black "Rausch, Wolfgang"]
[Result "1-0"]
[WhiteElo "2056"]
[BlackElo "1730"]
[PlyCount "83"]
[EventDate "2009.??.??"]
[WhiteTeam "SC Heusenstamm"]
[BlackTeam "VSG 1880 Offenbach"]

1. e4 Nf6 2. e5 Nd5 3. d4 d6 4. c4 Nb6 5. exd6 cxd6 6. Nc3 g6 7. Be3 Bg7 8. h3
Nc6 9. Nf3 O-O 10. Rc1 Nd7 11. Be2 b6 12. d5 Nce5 13. Nd4 Nf6 14. O-O Bb7 15.
Qd2 Rc8 16. b3 Re8 17. f4 Ned7 18. Bf3 Nc5 19. f5 Qd7 20. fxg6 hxg6 21. Bg5 a6
22. b4 Na4 23. Ne4 b5 24. Nxf6+ exf6 25. Bg4 f5 26. Nxf5 gxf5 27. Bxf5 Qc7 28.
Qd1 Qb6+ 29. Kh1 Nc3 30. Qh5 Rc7 31. Bh7+ Kf8 32. Bg6 Ne2 33. Kh2 Nxc1 34. Bxf7
Be5+ 35. Kh1 Nd3 36. Bh6+ Bg7 37. c5 dxc5 38. Bxe8+ Kg8 39. Bxg7 Rxg7 40. Bf7+
Kf8 41. Qh8+ Ke7 42. Qe8+ 1-0

[Event "Frankfurt Ch 2009"]
[Site "Ffm-Kalbach, LAZ"]
[Date "2009.06.29"]
[Round "7.30"]
[White "Biegel, Thomas"]
[Black "Fischer, Ulrich"]
[Result "1-0"]
[WhiteElo "2017"]
[BlackElo "1672"]
[PlyCount "53"]
[EventDate "2009.??.??"]
[WhiteTeam "SC Eschborn 1974"]
[BlackTeam "Frankfurter TV 1860"]

1. d4 d5 2. Nf3 c5 3. e3 Nf6 4. b3 cxd4 5. exd4 e6 6. Bd3 Bb4+ 7. c3 Bd6 8. O-O
O-O 9. Nbd2 b6 10. Qe2 Bb7 11. Bb2 Nbd7 12. Ne5 Be7 13. f4 Nxe5 14. fxe5 Nd7
15. Rf3 g6 16. Raf1 Bc8 17. Rg3 Bg5 18. Nf3 Bh6 19. Ba3 Re8 20. h4 Bf8 21. Ng5
Bxa3 22. Nxf7 Qxh4 23. Rh3 Qe7 24. Rxh7 Nf8 25. Rh8+ Kg7 26. Qe3 g5 27. Qh3 1-0

[Event "Frankfurt Ch 2009"]
[Site "Ffm-Kalbach, LAZ"]
[Date "2009.06.29"]
[Round "7.31"]
[White "Haftmann, Rainer"]
[Black "Cors, Heinz-Friedrich"]
[Result "1/2-1/2"]
[WhiteElo "1876"]
[BlackElo "1984"]
[PlyCount "106"]
[EventDate "2009.??.??"]
[WhiteTeam "SG 1945 Dietzenbach"]
[BlackTeam "Schachforum Darmstadt"]

1. e4 e5 2. Nf3 Nc6 3. Bb5 a6 4. Bxc6 dxc6 5. d4 exd4 6. Qxd4 Qxd4 7. Nxd4 Bd7
8. Be3 O-O-O 9. Nd2 Nf6 10. f3 h6 11. O-O-O c5 12. Ne2 Bb5 13. Nc3 Bc6 14. Nb3
Rxd1+ 15. Rxd1 b6 16. g4 Bd6 17. h3 Re8 18. Ne2 Bb5 19. Nc3 Bc6 20. h4 Nd7 21.
g5 hxg5 22. hxg5 Rh8 23. f4 Rh3 24. Bd2 c4 25. Nd4 Bb7 26. Nf5 g6 27. Nh6 Bf8
28. Nxf7 Rh7 29. Nh6 Nc5 30. f5 Nxe4 31. fxg6 Rg7 32. Nxe4 Bxe4 33. Bc3 Rxg6
34. Nf7 Bd6 35. Nxd6+ cxd6 36. Bf6 d5 37. c3 Rg8 38. Re1 Kd7 39. Kd2 b5 40. a3
Rg6 41. Re2 Rg8 42. Ke3 Kd6 43. Kd4 Re8 44. Re3 Bg6 45. Be5+ Kc6 46. Rf3 Re6
47. Rf6 Rxf6 48. gxf6 Bf7 49. Ke3 Kd7 50. Kf4 Ke6 51. Bd4 Be8 52. Kg5 Bf7 53.
Kh6 Kd7 1/2-1/2

[Event "Frankfurt Ch 2009"]
[Site "Ffm-Kalbach, LAZ"]
[Date "2009.06.29"]
[Round "7.32"]
[White "Winter, Olaf"]
[Black "Roccasalvo, Giuseppe"]
[Result "1/2-1/2"]
[WhiteElo "1674"]
[BlackElo "1859"]
[PlyCount "53"]
[EventDate "2009.??.??"]
[WhiteTeam "SK 1924 Pfungstadt"]
[BlackTeam "SF Plochingen"]

1. c4 Nf6 2. Nc3 c5 3. g3 g6 4. Bg2 Bg7 5. e3 O-O 6. Nge2 Nc6 7. a3 Rb8 8. O-O
d6 9. d3 Bd7 10. h3 a6 11. Rb1 b5 12. cxb5 axb5 13. b4 cxb4 14. axb4 e6 15. d4
Qb6 16. e4 d5 17. Bf4 Rbc8 18. Bd6 Rfd8 19. Bc5 Qb7 20. exd5 exd5 21. g4 Be6
22. f4 Qd7 23. Qd3 Ne4 24. Nxb5 h5 25. gxh5 Nxc5 26. bxc5 Bf5 27. Qf3 1/2-1/2

[Event "Frankfurt Ch 2009"]
[Site "Ffm-Kalbach, LAZ"]
[Date "2009.06.29"]
[Round "7.33"]
[White "Ochmann, Reimund"]
[Black "Krischak, Werner"]
[Result "1-0"]
[WhiteElo "2119"]
[BlackElo "1627"]
[PlyCount "55"]
[EventDate "2009.??.??"]
[WhiteTeam "SK Langen"]
[BlackTeam "SK Marburg 1931/72"]

1. e4 c6 2. d4 d5 3. exd5 cxd5 4. Bd3 Nc6 5. c3 Nf6 6. h3 e6 7. Nf3 Qc7 8. O-O
Bd7 9. Re1 Rc8 10. Bg5 Be7 11. Nbd2 O-O 12. Ne5 a6 13. Rc1 b5 14. Bb1 Qb7 15.
Qf3 b4 16. Bxf6 Bxf6 17. Ng4 Bg5 18. Rcd1 bxc3 19. bxc3 Ne7 20. Ne5 Ba4 21. Nb3
Bxb3 22. axb3 Qxb3 23. Qg3 Bf6 24. Nd7 Ng6 25. Nxf8 Rxc3 26. Rd3 Rxd3 27. Bxd3
Nxf8 28. Bxh7+ 1-0

[Event "Frankfurt Ch 2009"]
[Site "Ffm-Kalbach, LAZ"]
[Date "2009.06.29"]
[Round "7.34"]
[White "Bastian, Holger"]
[Black "Bagatsch, Thomas"]
[Result "0-1"]
[WhiteElo "1774"]
[BlackElo "2123"]
[PlyCount "48"]
[EventDate "2009.??.??"]
[WhiteTeam "SC S.-W. Schweinheim"]
[BlackTeam "SC Brett vor'm Kopp Ffm"]

1. e4 e5 2. Nf3 Nc6 3. Bb5 a6 4. Ba4 d6 5. O-O Bg4 6. c3 Qf6 7. d3 Nge7 8. Nbd2
Ng6 9. h3 Bd7 10. Re1 Be7 11. Nf1 Nf4 12. Ne3 Qg6 13. Kh2 O-O 14. Bc2 f5 15. g3
Nxh3 16. exf5 Bxf5 17. Nxf5 Qxf5 18. Kg2 Qg4 19. d4 Nxf2 20. Bxh7+ Kxh7 21.
Qc2+ e4 22. Rxe4 Nxe4 23. Bf4 Rxf4 24. Rh1+ Kg6 0-1

[Event "Frankfurt Ch 2009"]
[Site "Ffm-Kalbach, LAZ"]
[Date "2009.06.29"]
[Round "7.35"]
[White "Frank, Andreas"]
[Black "Schöne, Matthias"]
[Result "0-1"]
[WhiteElo "1824"]
[BlackElo "2035"]
[PlyCount "46"]
[EventDate "2009.??.??"]
[WhiteTeam "Biebertaler Sfr."]
[BlackTeam "SC Bad Nauheim"]

1. e4 e6 2. d3 d5 3. Nd2 c5 4. Ngf3 Nc6 5. g3 Nge7 6. Bg2 g6 7. h4 Bg7 8. O-O
Bd7 9. Re1 O-O 10. Ng5 h6 11. Nh3 e5 12. exd5 Nxd5 13. Ne4 Qe7 14. Bd2 Rad8 15.
Qc1 Nd4 16. Kh2 Bxh3 17. Kxh3 f5 18. c3 Ne6 19. Bxh6 fxe4 20. dxe4 Ndf4+ 21.
Bxf4 Nxf4+ 22. gxf4 Rxf4 23. Kh2 Qxh4+ 0-1

[Event "Frankfurt Ch 2009"]
[Site "Ffm-Kalbach, LAZ"]
[Date "2009.06.29"]
[Round "7.36"]
[White "Trumpfheller, Roland"]
[Black "Faqiry, Ramat"]
[Result "0-1"]
[WhiteElo "1770"]
[BlackElo "1974"]
[PlyCount "85"]
[EventDate "2009.??.??"]
[WhiteTeam "SC 1926 Kahl"]
[BlackTeam "SK Bad Homburg 1927"]

1. d4 Nf6 2. c4 e6 3. g3 d5 4. Bg2 Be7 5. Nf3 O-O 6. O-O dxc4 7. Qc2 a6 8. a4
Nc6 9. Rd1 Na5 10. Nc3 Nd5 11. Nxd5 exd5 12. e4 Nb3 13. Ra2 Nxc1 14. Rxc1 c6
15. Raa1 Be6 16. Nd2 f5 17. exd5 cxd5 18. Re1 Qd7 19. Re2 Bf7 20. Rae1 Bb4 21.
Re5 Rae8 22. f4 Bd6 23. Nf3 Bxe5 24. Nxe5 Qe6 25. a5 g6 26. Kf2 b5 27. Qe2 b4
28. Qd2 Qd6 29. Nxf7 Kxf7 30. Re5 Rxe5 31. fxe5 Qc6 32. Qxb4 Rc8 33. e6+ Kxe6
34. Qe1+ Kf7 35. Qe5 Rd8 36. h4 Qe6 37. Qc7+ Rd7 38. Qc5 Kg7 39. Qc8 f4 40.
gxf4 Qg4 41. Qb8 Re7 42. Bf3 Qxh4+ 43. Kg2 0-1

[Event "Frankfurt Ch 2009"]
[Site "Ffm-Kalbach, LAZ"]
[Date "2009.06.29"]
[Round "7.37"]
[White "Krüger, Till"]
[Black "Kraus, Eduard"]
[Result "1-0"]
[WhiteElo "2063"]
[BlackElo "1893"]
[PlyCount "67"]
[EventDate "2009.??.??"]
[WhiteTeam "SC Nidderau"]
[BlackTeam "SV Bergwinkel"]

1. e4 c6 2. d4 d5 3. exd5 cxd5 4. Bd3 Nc6 5. c3 e6 6. Bf4 Bd6 7. Bxd6 Qxd6 8.
Nf3 Nf6 9. O-O O-O 10. Re1 Bd7 11. Nbd2 Rfc8 12. Ne5 Na5 13. b4 Nc6 14. Ndf3
Be8 15. Rc1 Rc7 16. Qd2 Rac8 17. g4 Qd8 18. Qf4 Nxe5 19. dxe5 Nd7 20. Re3 Nf8
21. g5 Qe7 22. h4 Ng6 23. Qd4 a6 24. h5 Nf8 25. Qg4 Kh8 26. h6 gxh6 27. gxh6 f5
28. exf6 Qxf6 29. Ng5 Rxc3 30. Rxc3 Rxc3 31. Nxe6 Rc1+ 32. Kg2 Qxh6 33. Rh3
Qxe6 34. Rxh7+ 1-0

[Event "Frankfurt Ch 2009"]
[Site "Ffm-Kalbach, LAZ"]
[Date "2009.06.29"]
[Round "7.41"]
[White "Gutacker, Stephan"]
[Black "Wolff, Juergen"]
[Result "0-1"]
[WhiteElo "1967"]
[BlackElo "1693"]
[PlyCount "60"]
[EventDate "2009.??.??"]
[WhiteTeam "Sfr.1932 Kelkheim"]
[BlackTeam "SC 1933 Somborn"]

1. e4 g6 2. d4 Bg7 3. Nf3 d6 4. Nc3 Nf6 5. Bc4 O-O 6. O-O Nc6 7. d5 Ne5 8. Nxe5
dxe5 9. h3 c6 10. dxc6 Qc7 11. cxb7 Bxb7 12. Bd3 Rad8 13. Qe2 Nh5 14. g3 e6 15.
Be3 f5 16. Bxa7 f4 17. Kh2 Bh6 18. Nb5 Qe7 19. Qe1 fxg3+ 20. fxg3 Rxf1 21. Bxf1
Nxg3 22. Kxg3 Qg5+ 23. Kh2 Rd2+ 24. Kh1 Qf4 25. Qxd2 Qxd2 26. Bg2 Bf4 27. Nc3
Qxc2 28. Rd1 Qxb2 29. Rb1 Qxc3 30. Rxb7 Qe1+ 0-1

[Event "Frankfurt Ch 2009"]
[Site "Ffm-Kalbach, LAZ"]
[Date "2009.06.29"]
[Round "7.42"]
[White "Bittner, Peter"]
[Black "Sarközy, Benjamin"]
[Result "0-1"]
[WhiteElo "1960"]
[BlackElo "1820"]
[PlyCount "106"]
[EventDate "2009.??.??"]
[WhiteTeam "SC Brett vor'm Kopp Ffm"]
[BlackTeam "SC 1933 Somborn"]

1. e4 c6 2. Nf3 d5 3. exd5 cxd5 4. d4 Nc6 5. h3 Nf6 6. c3 Bf5 7. Bb5 a6 8.
Bxc6+ bxc6 9. O-O h6 10. Ne5 Qb6 11. Nd2 e6 12. c4 Be7 13. Qa4 Rc8 14. c5 Qb5
15. Qb3 O-O 16. Qxb5 axb5 17. Nb3 Rc7 18. Na5 Rfc8 19. Bf4 Ne8 20. b4 f6 21.
Nf3 Rd7 22. Rfe1 Kf7 23. Re3 g5 24. Bh2 Bc2 25. Nd2 Bd8 26. Ndb3 Ra7 27. Re2
Bd3 28. Rd2 Bc4 29. f4 Ng7 30. fxg5 hxg5 31. g4 Ke7 32. Rf2 Ne8 33. Bg3 Kd7 34.
h4 gxh4 35. Bxh4 Rca8 36. Bg3 Bxb3 37. Nxb3 Ra3 38. Rb2 R8a4 39. Be1 e5 40.
dxe5 fxe5 41. Nc1 Bg5 42. Ne2 Nf6 43. Nc3 Ra8 44. Rg2 d4 45. Nd1 Rh8 46. Bg3
Ke6 47. Nf2 e4 48. Kf1 e3 49. Nd1 Rh1+ 50. Rg1 e2+ 51. Kg2 Rxg1+ 52. Kxg1 Rxg3+
53. Kf2 Rg2+ 0-1

[Event "Frankfurt Ch 2009"]
[Site "Ffm-Kalbach, LAZ"]
[Date "2009.06.29"]
[Round "7.43"]
[White "Makilla, Tobias"]
[Black "Arnold, Michael"]
[Result "1-0"]
[WhiteElo "1945"]
[BlackElo "1857"]
[PlyCount "39"]
[EventDate "2009.??.??"]
[WhiteTeam "Sfr.1932 Kelkheim"]
[BlackTeam "SK Langen"]

1. e4 d5 2. exd5 Qxd5 3. Nc3 Qd6 4. d4 Nf6 5. Nf3 Bg4 6. Be2 a6 7. O-O Nc6 8.
Be3 e6 9. h3 Bh5 10. Qd2 Be7 11. Rfd1 O-O 12. Bf4 Qd8 13. d5 exd5 14. Nxd5 Rc8
15. Nxc7 Bc5 16. Qe1 Qe7 17. Nd5 Qe6 18. Ne3 Rfe8 19. a3 Re7 20. Ng5 1-0

[Event "Frankfurt Ch 2009"]
[Site "Ffm-Kalbach, LAZ"]
[Date "2009.06.29"]
[Round "7.44"]
[White "Schreyer, Alois"]
[Black "Mager, Denis"]
[Result "1/2-1/2"]
[WhiteElo "2113"]
[BlackElo "1467"]
[PlyCount "28"]
[EventDate "2009.??.??"]
[WhiteTeam "SC Steinbach"]
[BlackTeam "TuS Makkabi Ffm"]

1. e4 e6 2. d4 d5 3. Nc3 Bb4 4. e5 Nd7 5. Bd2 c5 6. Nb5 Bxd2+ 7. Qxd2 Nh6 8.
Nd6+ Kf8 9. f4 Qc7 10. c3 a6 11. Nf3 Nb6 12. Rc1 Rb8 13. Bd3 f6 14. O-O Nf7
1/2-1/2

[Event "Frankfurt Ch 2009"]
[Site "Ffm-Kalbach, LAZ"]
[Date "2009.06.29"]
[Round "7.46"]
[White "Honert, Stefan"]
[Black "Fröhlich-Dill, Astrid"]
[Result "1/2-1/2"]
[WhiteElo "1311"]
[BlackElo "1976"]
[PlyCount "86"]
[EventDate "2009.??.??"]
[WhiteTeam "Sfr. Frankfurt 1921"]
[BlackTeam "SV 1920 Hofheim"]

1. d4 Nf6 2. c4 e6 3. Nf3 b6 4. Nc3 Bb4 5. Qb3 c5 6. dxc5 bxc5 7. Bg5 Nc6 8. e3
h6 9. Bf4 Ne4 10. Bd3 Nxc3 11. bxc3 Ba5 12. O-O Bc7 13. Bxc7 Qxc7 14. Qc2 O-O
15. Rfd1 d6 16. Be2 Rb8 17. Nd2 Ba6 18. Ne4 Rfd8 19. f4 Na5 20. Qa4 d5 21. Nd2
Rd6 22. Kf2 d4 23. Nb3 Nb7 24. cxd4 cxd4 25. exd4 Rc6 26. g3 Nd6 27. Nc5 Bc8
28. Rab1 Rxb1 29. Rxb1 Nf5 30. Qd1 Rd6 31. Nb3 f6 32. Rc1 e5 33. c5 Rd8 34. d5
exf4 35. d6 fxg3+ 36. hxg3 Qc6 37. Nd4 Qe4 38. Nxf5 Qxf5+ 39. Bf3 Qd7 40. Qe2
Re8 41. Qc4+ Kh7 42. Re1 Re5 43. Re4 Qf5 1/2-1/2

[Event "Frankfurt Ch 2009"]
[Site "Ffm-Kalbach, LAZ"]
[Date "2009.06.29"]
[Round "7.48"]
[White "Thomele, Michael"]
[Black "Moranda, Katarzyna"]
[Result "1-0"]
[WhiteElo "1885"]
[BlackElo "1841"]
[PlyCount "81"]
[EventDate "2009.??.??"]
[WhiteTeam "SC 1959 Obernau"]
[BlackTeam "vereinslos"]

1. d4 d5 2. Nc3 Nf6 3. g3 e6 4. Bg2 c5 5. e3 Nc6 6. Nf3 Bd6 7. O-O O-O 8. Ne2
b6 9. b3 Ba6 10. Re1 Ne4 11. Bb2 c4 12. c3 Rc8 13. Nd2 Nxd2 14. Qxd2 h5 15. e4
dxe4 16. Bxe4 h4 17. Qe3 hxg3 18. hxg3 Qf6 19. Kg2 Ne7 20. Qf3 Nf5 21. b4 Qg5
22. Rh1 Rc7 23. Rh5 Qe7 24. Rah1 Nh6 25. Bc1 f5 26. Bxh6 fxe4 27. Qg4 Qf6 28.
Bf4 Rd7 29. Rh8+ Kf7 30. R1h7 Rxh8 31. Rxh8 Bb7 32. Kg1 Bc6 33. Bxd6 Rxd6 34.
Qh5+ Ke7 35. Nf4 Rd8 36. Ng6+ Kd7 37. Ne5+ Kc7 38. Rxd8 Qxd8 39. Qf7+ Kd6 40.
Qxg7 Bd5 41. Nf7+ 1-0

[Event "Frankfurt Ch 2009"]
[Site "Ffm-Kalbach, LAZ"]
[Date "2009.06.29"]
[Round "7.49"]
[White "Jordake, Michael"]
[Black "Funkschmidt, Kai"]
[Result "1-0"]
[WhiteElo "1640"]
[BlackElo "1871"]
[PlyCount "81"]
[EventDate "2009.??.??"]
[WhiteTeam "SC Bergen-Enkheim 1922"]
[BlackTeam "SC Empor Maulwurf Bonn"]

1. e4 b6 2. d4 Bb7 3. Nc3 e6 4. Nf3 Bb4 5. Bd3 Nf6 6. e5 Ne4 7. Bxe4 Bxe4 8.
O-O Bxc3 9. bxc3 d6 10. Ng5 Bg6 11. Nf3 Nd7 12. Bf4 d5 13. Qe2 Qc8 14. Rfc1 c5
15. Nh4 Qc6 16. Nxg6 hxg6 17. a4 f6 18. Qd3 Kf7 19. Re1 c4 20. Qf3 g5 21. Bxg5
f5 22. g4 g6 23. h4 Rh7 24. Kg2 Rah8 25. Rh1 Kg7 26. Qg3 fxg4 27. Qxg4 Rh5 28.
Rae1 Rf8 29. Re3 Rf5 30. Ra1 Qc8 31. Rg3 Qe8 32. a5 b5 33. a6 Nb8 34. Bf6+ Kh7
35. Rb1 Nd7 36. Rxb5 Nxf6 37. Rb7+ Kh6 38. exf6 Rxf6 39. Qg5+ Rxg5 40. hxg5+
Kh5 41. Rh7# 1-0

[Event "Frankfurt Ch 2009"]
[Site "Ffm-Kalbach, LAZ"]
[Date "2009.06.29"]
[Round "7.50"]
[White "Rasche, Hannes"]
[Black "Riha, Peter"]
[Result "1-0"]
[WhiteElo "1993"]
[BlackElo "1815"]
[PlyCount "61"]
[EventDate "2009.??.??"]
[WhiteTeam "SC Matt im Park Ffm"]
[BlackTeam "SC Bergen-Enkheim 1922"]

1. d4 Nf6 2. c4 g6 3. Nc3 d5 4. cxd5 Nxd5 5. e4 Nxc3 6. bxc3 Bg7 7. Bc4 c5 8.
Ne2 O-O 9. O-O Nc6 10. Be3 Qc7 11. dxc5 Ne5 12. Bb3 Ng4 13. Bf4 Qxc5 14. h3 Nf6
15. Qc2 e5 16. Be3 Qc6 17. f3 b6 18. Rfd1 Ba6 19. Rac1 Rfd8 20. Kh2 Rxd1 21.
Qxd1 Qc7 22. Qc2 Bc4 23. Qb2 Bf8 24. Bxc4 Qxc4 25. Qd2 Be7 26. Bh6 Rd8 27. Qc2
Qd3 28. Qxd3 Rxd3 29. Rc2 Ba3 30. Nc1 Nd7 31. Nxd3 1-0

[Event "Frankfurt Ch 2009"]
[Site "Ffm-Kalbach, LAZ"]
[Date "2009.06.29"]
[Round "7.51"]
[White "Ebertz, Michael"]
[Black "Ostermeier, Thorsten"]
[Result "0-1"]
[WhiteElo "1587"]
[BlackElo "1971"]
[PlyCount "46"]
[EventDate "2009.??.??"]
[WhiteTeam "SC 1952 Obertshausen"]
[BlackTeam "Sfr. Frankfurt 1921"]

1. e4 c5 2. Nf3 Nc6 3. d4 cxd4 4. Nxd4 Nf6 5. Nc3 e5 6. Ndb5 d6 7. Bg5 a6 8.
Na3 b5 9. Nd5 Be7 10. Bxf6 gxf6 11. c3 f5 12. Bd3 Be6 13. Nc2 O-O 14. Qh5 Bg5
15. h4 Bf6 16. Nce3 f4 17. Ng4 Bg7 18. Nh2 Ne7 19. Nf3 f6 20. g4 Bf7 21. Nxf6+
Bxf6 22. Qh6 Bg7 23. Qg5 h6 0-1

[Event "Frankfurt Ch 2009"]
[Site "Ffm-Kalbach, LAZ"]
[Date "2009.06.29"]
[Round "7.53"]
[White "Genis, Roy"]
[Black "Waschke, Thomas"]
[Result "1-0"]
[WhiteElo "1937"]
[BlackElo "1584"]
[PlyCount "101"]
[EventDate "2009.??.??"]
[WhiteTeam "SG 1945 Dietzenbach"]
[BlackTeam "SC Bergen-Enkheim 1922"]

1. e4 e5 2. Nf3 Nc6 3. d4 exd4 4. Nxd4 Bc5 5. Be3 d6 6. Nxc6 bxc6 7. Bxc5 dxc5
8. Qxd8+ Kxd8 9. Nc3 Nf6 10. O-O-O+ Ke7 11. f3 Be6 12. Be2 Rhd8 13. Rxd8 Rxd8
14. Na4 Nd7 15. Rd1 f6 16. b3 Rb8 17. Ba6 g5 18. h3 h5 19. Rd3 h4 20. Rc3 Kd6
21. Kd2 Rb4 22. Rd3+ Rd4 23. Ke3 Rxd3+ 24. cxd3 Nb6 25. Nb2 Ke5 26. Nd1 f5 27.
Nc3 f4+ 28. Kd2 Bf7 29. Ne2 Be6 30. Kc3 Bd7 31. a4 Bc8 32. Bxc8 Nxc8 33. Kc4
Kd6 34. d4 Nb6+ 35. Kc3 a5 36. dxc5+ Kxc5 37. Nd4 Kd6 38. Nf5+ Ke5 39. Ng7 c5
40. Ne8 c6 41. Nc7 Kd6 42. Ne8+ Ke7 43. Ng7 Kf6 44. Nf5 Ke6 45. Nh6 Kf6 46.
Ng4+ Ke6 47. Nf2 Kd6 48. Nd1 Nd7 49. Nb2 Ne5 50. Nc4+ Nxc4 51. Kxc4 1-0

[Event "Frankfurt Ch 2009"]
[Site "Ffm-Kalbach, LAZ"]
[Date "2009.06.29"]
[Round "7.54"]
[White "Neumann, Manfred"]
[Black "Cipca, Adrian"]
[Result "0-1"]
[WhiteElo "1779"]
[BlackElo "1577"]
[PlyCount "124"]
[EventDate "2009.??.??"]
[WhiteTeam "SC 1961 König Nied"]
[BlackTeam "SK Bad Homburg 1927"]

1. d4 d5 2. c4 c6 3. Nf3 e6 4. Nc3 Nf6 5. Bg5 Be7 6. e3 h6 7. Bh4 Nbd7 8. Bd3
dxc4 9. Bxc4 b5 10. Bd3 Bb7 11. O-O a6 12. Rc1 O-O 13. Bb1 c5 14. Re1 cxd4 15.
Nxd4 Qb6 16. a3 Rfd8 17. Qe2 Rac8 18. f3 Ne5 19. Bf2 Nc4 20. Red1 Bc5 21. Nc2
Nxb2 22. Rxd8+ Rxd8 23. Nd4 Bxa3 24. Nb3 Nc4 25. Rd1 Rxd1+ 26. Qxd1 Qd6 27. Qc2
g6 28. h4 h5 29. e4 Nd7 30. Bd4 e5 31. Bf2 Nc5 32. Nxc5 Bxc5 33. Ba2 Bxf2+ 34.
Qxf2 Qb6 35. Bxc4 Qxf2+ 36. Kxf2 bxc4 37. Ke3 f6 38. Na4 Bc6 39. Nb2 Bb5 40.
Kd2 c3+ 41. Kxc3 Bf1 42. g3 Bg2 43. Kc4 Bxf3 44. Kd5 Kf7 45. Nd3 Ke7 46. Nb4
Be2 47. Nc6+ Kf8 48. Ke6 Bb5 49. Na5 Kg7 50. Nb7 Bc6 51. Nc5 a5 52. Kd6 Bb5 53.
Ne6+ Kf7 54. Nc7 Bd3 55. Kc5 a4 56. Kb4 a3 57. Kxa3 Bxe4 58. Nb5 Ke6 59. Kb3
Bd5+ 60. Kc3 Kf5 61. Kd3 Kg4 62. Nc3 Bf3 0-1

[Event "Frankfurt Ch 2009"]
[Site "Ffm-Kalbach, LAZ"]
[Date "2009.06.29"]
[Round "7.55"]
[White "Enders, Georg"]
[Black "Sallwey, Rainer"]
[Result "1-0"]
[WhiteElo "2011"]
[BlackElo "1570"]
[PlyCount "62"]
[EventDate "2009.??.??"]
[WhiteTeam "SC Nidderau"]
[BlackTeam "SK Langen"]

1. e4 d5 2. exd5 Qxd5 3. Nc3 Qd6 4. d4 Nf6 5. Nf3 a6 6. Bg5 Bf5 7. Bd3 Bg4 8.
h3 Bh5 9. g4 Bg6 10. Bxg6 hxg6 11. Ne5 Nc6 12. Nxc6 Qxc6 13. d5 Qd6 14. Qf3
Qe5+ 15. Be3 O-O-O 16. O-O-O g5 17. h4 Nh7 18. Kb1 Qf6 19. Qg3 gxh4 20. Rxh4 g5
21. Rhh1 Qg6 22. f4 gxf4 23. Bxf4 Rd7 24. Na4 e6 25. dxe6 Qxe6 26. Rde1 Qc6 27.
Re8+ Rd8 28. Rxd8+ Kxd8 29. Rd1+ Kc8 30. Nc3 Bg7 31. Nd5 Rd8 1-0

[Event "Frankfurt Ch 2009"]
[Site "Ffm-Kalbach, LAZ"]
[Date "2009.06.29"]
[Round "7.56"]
[White "Wilhelm, Andreas"]
[Black "Ickert, Bernd"]
[Result "1/2-1/2"]
[WhiteElo "1541"]
[BlackElo "1732"]
[PlyCount "71"]
[EventDate "2009.??.??"]
[WhiteTeam "SC 1933 Somborn"]
[BlackTeam "SC Matt im Park Ffm"]

1. e4 e6 2. d4 d5 3. exd5 exd5 4. Bd3 Bd6 5. Nf3 Bg4 6. O-O Ne7 7. Be3 Nbc6 8.
c3 Qd7 9. Nbd2 Nf5 10. Re1 O-O-O 11. Qc2 Kb8 12. b4 Nxe3 13. Rxe3 Ne7 14. Ne5
Bxe5 15. Rxe5 f6 16. Ree1 Rde8 17. a4 Bf5 18. a5 Bxd3 19. Qxd3 a6 20. Nb3 Qb5
21. Qxb5 axb5 22. Re6 Nf5 23. Rae1 Nd6 24. f3 Rxe6 25. Rxe6 Re8 26. Nc5 Rxe6
27. Nxe6 Ne8 28. Kf2 Ka7 29. Ke3 b6 30. axb6+ Kxb6 31. g4 Kc6 32. h4 Kd6 33.
Nf4 g6 34. Ne2 Ke6 35. Nf4+ Kd6 36. Ne2 1/2-1/2

[Event "Frankfurt Ch 2009"]
[Site "Ffm-Kalbach, LAZ"]
[Date "2009.06.29"]
[Round "7.57"]
[White "Hanka, Katrin"]
[Black "Löhr, Holger"]
[Result "0-1"]
[WhiteElo "1269"]
[BlackElo "1730"]
[PlyCount "78"]
[EventDate "2009.??.??"]
[WhiteTeam "Bad Vilbeler Sfr.1985"]
[BlackTeam "Sfr. Braunfels e.V."]

1. d4 Nf6 2. Nf3 d5 3. c4 e6 4. Nc3 c6 5. Bg5 Nbd7 6. e3 Qa5 7. Qd2 Bb4 8. Bd3
Ne4 9. Bxe4 dxe4 10. Nh4 Qxg5 11. g3 Qa5 12. O-O Bxc3 13. bxc3 O-O 14. f3 exf3
15. Rxf3 e5 16. Nf5 exd4 17. exd4 Nb6 18. Ne7+ Kh8 19. d5 Nxc4 20. Qd4 cxd5 21.
Nxd5 Nb6 22. Ne7 Be6 23. Raf1 Qxa2 24. Qe5 Rae8 25. R3f2 Qc4 26. Rf4 Qb3 27.
Qc7 Nd5 28. Nxd5 Qxd5 29. c4 Qc6 30. Qa5 a6 31. Qc3 Qc5+ 32. R1f2 b5 33. Rh4
Bxc4 34. Qc2 g6 35. Qd2 Re2 36. Qc3+ Kg8 37. Rhf4 Rxf2 38. Rxf2 Re8 39. Kg2
Bd5+ 0-1

[Event "Frankfurt Ch 2009"]
[Site "Ffm-Kalbach, LAZ"]
[Date "2009.06.29"]
[Round "7.60"]
[White "Zimmer, Gerald"]
[Black "Knott, Tilo"]
[Result "1-0"]
[WhiteElo "1772"]
[BlackElo "1498"]
[PlyCount "89"]
[EventDate "2009.??.??"]
[WhiteTeam "SC Bergen-Enkheim 1922"]
[BlackTeam "SC Brett vor'm Kopp Ffm"]

1. Nf3 b6 2. d4 Bb7 3. e3 Nf6 4. Bd3 h6 5. Nbd2 e6 6. b3 Be7 7. Bb2 d6 8. c4 c5
9. dxc5 dxc5 10. Ne5 Nc6 11. Ndf3 Nb4 12. Bb1 Qxd1+ 13. Kxd1 Rd8+ 14. Ke2 O-O
15. a3 Nc6 16. Bc2 Nd7 17. Nxd7 Rxd7 18. Rhd1 Rfd8 19. Rxd7 Rxd7 20. Rd1 Rxd1
21. Kxd1 f6 22. Be4 Na5 23. Bxb7 Nxb7 24. Kc2 Nd6 25. Kd3 Kf7 26. Nd2 e5 27. b4
Nb7 28. Bc3 Ke6 29. Nb3 f5 30. f3 g5 31. e4 f4 32. h3 h5 33. Be1 Kd7 34. Kc3
Kc6 35. Bf2 a6 36. Nc1 h4 37. Nd3 Bd6 38. Kb3 a5 39. bxc5 Nxc5+ 40. Bxc5 bxc5
41. Ka4 Bc7 42. Nf2 Bd8 43. Ng4 Kb6 44. Nxe5 Bf6 45. Nd7+ 1-0